The gift economy

Αποθηκεύτηκε σε:
Λεπτομέρειες βιβλιογραφικής εγγραφής
Κύριος συγγραφέας: Cheal, David J.
Μορφή: Βιβλίο
Γλώσσα:English
Δημοσίευση: London : Routledge, 1988
Θέματα:
Ετικέτες: Προσθήκη ετικέτας
Δεν υπάρχουν, Καταχωρήστε ετικέτα πρώτοι!

MARC

LEADER 00000nam a2200000 i 4500
001 1/63689
008 930927s eng d
020 |a 0-415-00641-4 
035 |a ΛΕΣΒΟΣb10001253  |l 10001253 
040 |a GR-MY-UA  |b gre  |e aacr 
041 0 |a eng 
082 0 |a 394 
100 1 |a Cheal, David J. 
245 1 4 |a The gift economy /  |c David Cheal 
260 |a London :   |b Routledge,   |c 1988 
300 |a 228 p.;  |c 22,3 cm. 
504 |a Includes bibliographical references and index 
650 0 0 |a Gifts. 
650 0 0 |a Ceremonial exchange. 
852 |a INST  |b LESVOS  |e 19930927  |h 394 CHE  |p 005100004042  |q 005100004042  |t BK  |y 0 
909 |a Λ  |b 018738